Internet sa stal pridrahým luxusom

Medzi trinástimi kandidátskymi krajinami je SR v internetizácii takmer posledné. Kľúčové problémy slovenského internetu. Zvyšovanie ceny využívania internetu. Možnosti riešenia problémov internetizácie na Slovensku. Dôvody pre regulačné opatrenia. Regulačný orgán. Cena internetu.

Salvato in:
Dettagli Bibliografici
Autore principale: Polakovič, Peter
Natura: Capitolo di libro
Lingua:slovacco
Soggetti:
Tags: Aggiungi Tag
Nessun Tag, puoi essere il primo ad aggiungerne!!

MARC

LEADER 00000naa a2200000 4500
001 r045873
005 20230921114029.0
041 0 |a slo 
044 |a SK 
245 1 0 |a Internet sa stal pridrahým luxusom  |c Peter Polakovič 
520 |a Medzi trinástimi kandidátskymi krajinami je SR v internetizácii takmer posledné. Kľúčové problémy slovenského internetu. Zvyšovanie ceny využívania internetu. Možnosti riešenia problémov internetizácie na Slovensku. Dôvody pre regulačné opatrenia. Regulačný orgán. Cena internetu. 
610 2 0 |a internet 
610 2 0 |a ceny 
610 2 0 |a regulácia 
610 2 0 |a Slovensko 
610 2 0 |a Európska únia 
100 1 |a Polakovič, Peter